000 01076nam a22003257a 4500
003 CHAP
005 20220329134850.0
008 971013s1971 r 00010 d
010 _a27141
011 _a28113
035 _a32215
040 _cCHAP
082 _a575.1
_bE53
100 0 0 _aElandt-Johnson, Regina C.
_936181
245 _aProbability models and statistical methods in genetics
260 _aNew York :
_bWiley,
_c1971
300 _a592 p.
490 _aSeries in probability and mathematical statistics
590 _aBATCH-UPD
_b10
_c20130110
_lUCH01
_h1507
590 _aBATCH-UPD
_b10
_c20130410
_lUCH01
_h0926
590 _aBATCH-UPD
_b10
_c20130914
_lUCH01
_h1534
590 _aCONVERSION
_b10
_c20130109
_lUCH01
_h1316
650 1 4 _aGenética
_xMétodos estadísticos.
_947480
650 1 4 _aGenética
_xModelos matemáticos.
_947479
650 1 4 _aProbabilidades.
_991687
830 0 _aSeries in probability and mathematical statistics
_9105138
901 _aBK
942 _cLIBRO
949 _a575.1 E53
_bBC
_cLIBRO
_d33724000157699
_eLIBRO
_h34844
_i32215
_si
999 _c27141
_d27141